00767cam a2200241 a 45000010009000000050017000090080041000260100017000670200031000840200028001150400013001430420008001560500024001640820012001881000023002002450103002232500012003262600047003383000048003855040051004336500016004847000025005001406551220160810095128.0050805s2007 maua b 001 0 eng  a 2005053364 a9780072923308 (alk. paper) a007292330X (alk. paper) aDLCcDLC apcc00aHD31b.B369485 200700a6582221 aBateman, Thomas S.10aManagement :bleading & collaborating in a competitive world /cThomas S. Bateman, Scott A. Snell. a7th ed. aBoston, Mass, :bMcGraw-Hill/Irwin,c2007. axxxiv, 624 p. :bill. (some col.) ;c29 cm. aIncludes bibliographical references and index. 0aManagement.1 aSnell, Scott,d1958-